000
00276nam a22001097a 4500
082
_a
620
100
_a
Guider
_9
79384
245
_a
Civil Engineering Objetive and Descriptive
260
_a
Meerut
_b
Guider Competitive Group
_c
2020
650
_a
Engineering
_9
79410
942
_c
BK
999
_c
63011
_d
63011